Old Testament ethics for the people of God / (Record no. 7588)
[ view plain ]
| 000 -LEADER | |
|---|---|
| fixed length control field | 00792nam a22002292 4500 |
| 001 - CONTROL NUMBER | |
| control field | 0000008473 |
| 005 - DATE AND TIME OF LATEST TRANSACTION | |
| control field | 20151217152034.0 |
| 008 - FIXED-LENGTH DATA ELEMENTS--GENERAL INFORMATION | |
| fixed length control field | 080415s xx 000 0 eng d |
| 020 ## - INTERNATIONAL STANDARD BOOK NUMBER | |
| International Standard Book Number | 0851117848 : |
| Terms of availability | KES 3000 |
| 040 ## - CATALOGING SOURCE | |
| Original cataloging agency | KABU |
| Transcribing agency | KABU |
| 100 1# - MAIN ENTRY--PERSONAL NAME | |
| Personal name | Wright, Christopher J. H. |
| -- | 0000159068 |
| 245 10 - TITLE STATEMENT | |
| Title | Old Testament ethics for the people of God / |
| Statement of responsibility, etc. | Christopher J. H. Wright. |
| 250 ## - EDITION STATEMENT | |
| Edition statement | Rev. ed. |
| 260 ## - PUBLICATION, DISTRIBUTION, ETC. (IMPRINT) | |
| Place of publication, distribution, etc. | Leicester, England : |
| Name of publisher, distributor, etc. | Inter-Varsity Press, |
| Date of publication, distribution, etc. | 2004. |
| 300 ## - PHYSICAL DESCRIPTION | |
| Extent | 520 p. |
| 505 0# - FORMATTED CONTENTS NOTE | |
| Formatted contents note | Living as the people of God (IVP, 1983) - Walking in the ways of the Lord (apollos, 1995) |
| 650 #0 - SUBJECT ADDED ENTRY--TOPICAL TERM | |
| Topical term or geographic name as entry element | Bible. O. T. |
| General subdivision | Ethics. |
| -- | 0000159069 |
| 650 #0 - SUBJECT ADDED ENTRY--TOPICAL TERM | |
| Topical term or geographic name as entry element | Ethics in the Bible. |
| -- | 0000157946 |
| 908 ## - PUT COMMAND PARAMETER (RLIN) | |
| Put command parameter | 080415 |
| 950 ## - LOCAL HOLDINGS (RLIN) | |
| -- | 1 |
| Withdrawn status | Lost status | Source of classification or shelving scheme | Not for loan | Home library | Current library | Date acquired | Total Checkouts | Total Renewals | Full call number | Barcode | Date last seen | Date last checked out | Price effective from | Koha item type |
|---|---|---|---|---|---|---|---|---|---|---|---|---|---|---|
| Library of Congress Classification | Kabarak, Main Campus | Kabarak, Main Campus | 17/12/2015 | 1 | 1 | BS680 .E84W75 2004 | 005895 | 02/08/2024 | 01/12/2022 | 17/12/2015 | General Collection |